<?xml version="1.0" encoding="UTF-8"?>
<record
    xmlns:xsi="http://www.w3.org/2001/XMLSchema-instance"
    xsi:schemaLocation="http://www.loc.gov/MARC21/slim http://www.loc.gov/standards/marcxml/schema/MARC21slim.xsd"
    xmlns="http://www.loc.gov/MARC21/slim">

  <leader>01418nam0a22002891  4500</leader>
  <controlfield tag="001">rc\67541</controlfield>
  <controlfield tag="005">20250620165906.0</controlfield>
  <datafield tag="010" ind1=" " ind2=" ">
    <subfield code="a">5-253-00337-1</subfield>
    <subfield code="9">600000</subfield>
  </datafield>
  <datafield tag="035" ind1=" " ind2=" ">
    <subfield code="a">(NLR Aleph) 005341243</subfield>
  </datafield>
  <datafield tag="090" ind1=" " ind2=" ">
    <subfield code="a">6695988</subfield>
    <subfield code="c">6695988</subfield>
  </datafield>
  <datafield tag="100" ind1=" " ind2=" ">
    <subfield code="a">20021216d1991    |||y0rusy50      ca</subfield>
  </datafield>
  <datafield tag="101" ind1="0" ind2=" ">
    <subfield code="a">rus</subfield>
  </datafield>
  <datafield tag="102" ind1=" " ind2=" ">
    <subfield code="a">RU</subfield>
  </datafield>
  <datafield tag="105" ind1=" " ind2=" ">
    <subfield code="a">a   |||||||||</subfield>
  </datafield>
  <datafield tag="200" ind1="1" ind2=" ">
    <subfield code="a">&#x41D;&#x435;&#x432;&#x438;&#x434;&#x438;&#x43C;&#x44B;&#x435; &#x441;&#x432;&#x44F;&#x437;&#x438;</subfield>
    <subfield code="e">&#x414;&#x435;&#x442;&#x435;&#x43A;&#x442;&#x438;&#x432;&#x44B; &#x43F;&#x43E;&#x43B;&#x44C;&#x441;&#x43A;&#x438;&#x445; &#x43F;&#x438;&#x441;&#x430;&#x442;&#x435;&#x43B;&#x435;&#x439;</subfield>
    <subfield code="f">[&#x41F;&#x435;&#x440;&#x435;&#x432;&#x43E;&#x434;&#x44B; &#x441; &#x43F;&#x43E;&#x43B;&#x44C;&#x441;&#x43A;&#x43E;&#x433;&#x43E; &#x412;. &#x41A;&#x438;&#x441;&#x435;&#x43B;&#x435;&#x432;&#x430;</subfield>
    <subfield code="g">&#x41F;&#x43E;&#x441;&#x43B;&#x435;&#x441;&#x43B;. &#x413;. &#x410;&#x43D;&#x434;&#x436;&#x430;&#x43F;&#x430;&#x440;&#x438;&#x434;&#x437;&#x435;</subfield>
    <subfield code="g">&#x418;&#x43B;. &#x411;. &#x41F;&#x430;&#x448;&#x43A;&#x43E;&#x432;&#x430;]</subfield>
  </datafield>
  <datafield tag="210" ind1=" " ind2=" ">
    <subfield code="a">&#x41C;.</subfield>
    <subfield code="c">&#x41F;&#x440;&#x430;&#x432;&#x434;&#x430;</subfield>
    <subfield code="d">1991</subfield>
  </datafield>
  <datafield tag="215" ind1=" " ind2=" ">
    <subfield code="a">475, [2] &#x441;.</subfield>
    <subfield code="c">&#x438;&#x43B;.</subfield>
    <subfield code="d">20</subfield>
  </datafield>
  <datafield tag="225" ind1="1" ind2=" ">
    <subfield code="a">&#x41C;&#x438;&#x440; &#x43F;&#x440;&#x438;&#x43A;&#x43B;&#x44E;&#x447;&#x435;&#x43D;&#x438;&#x439;</subfield>
  </datafield>
  <datafield tag="327" ind1="1" ind2=" ">
    <subfield code="a">&#x421;&#x43E;&#x434;&#x435;&#x440;&#x436;.: &#x41D;&#x435;&#x432;&#x438;&#x434;&#x438;&#x43C;&#x44B;&#x435; &#x441;&#x432;&#x44F;&#x437;&#x438;; &#x417;&#x43E;&#x43B;&#x43E;&#x442;&#x44B;&#x435; &#x449;&#x443;&#x43F;&#x430;&#x43B;&#x44C;&#x446;&#x430; / &#x41A;. &#x417;&#x435;&#x43C;&#x441;&#x43A;&#x438;&#x439;. &#x412;&#x43D;&#x435;&#x437;&#x430;&#x43F;&#x43D;&#x430;&#x44F; &#x441;&#x43C;&#x435;&#x440;&#x442;&#x44C; &#x438;&#x433;&#x440;&#x43E;&#x43A;&#x430; / &#x415;. &#x42D;&#x434;&#x438;&#x433;&#x435;&#x439;</subfield>
  </datafield>
  <datafield tag="464" ind1=" " ind2="0">
    <subfield code="1">2001#$a&#x41D;&#x435;&#x432;&#x438;&#x434;&#x438;&#x43C;&#x44B;&#x435; &#x441;&#x432;&#x44F;&#x437;&#x438;</subfield>
    <subfield code="1">700#1$a&#x417;&#x435;&#x43C;&#x441;&#x43A;&#x438;&#x439;$b&#x41A;.</subfield>
    <subfield code="t">&#x41D;&#x435;&#x432;&#x438;&#x434;&#x438;&#x43C;&#x44B;&#x435; &#x441;&#x432;&#x44F;&#x437;&#x438;</subfield>
    <subfield code="a">&#x417;&#x435;&#x43C;&#x441;&#x43A;&#x438;&#x439;, &#x41A;.</subfield>
  </datafield>
  <datafield tag="464" ind1=" " ind2="0">
    <subfield code="1">2001#$a&#x417;&#x43E;&#x43B;&#x43E;&#x442;&#x44B;&#x435; &#x449;&#x443;&#x43F;&#x430;&#x43B;&#x44C;&#x446;&#x430;</subfield>
    <subfield code="1">700#1$a&#x417;&#x435;&#x43C;&#x441;&#x43A;&#x438;&#x439;$b&#x41A;.</subfield>
    <subfield code="t">&#x417;&#x43E;&#x43B;&#x43E;&#x442;&#x44B;&#x435; &#x449;&#x443;&#x43F;&#x430;&#x43B;&#x44C;&#x446;&#x430;</subfield>
    <subfield code="a">&#x417;&#x435;&#x43C;&#x441;&#x43A;&#x438;&#x439;, &#x41A;.</subfield>
  </datafield>
  <datafield tag="464" ind1=" " ind2="0">
    <subfield code="1">2001#$a&#x412;&#x43D;&#x435;&#x437;&#x430;&#x43F;&#x43D;&#x430;&#x44F; &#x441;&#x43C;&#x435;&#x440;&#x442;&#x44C; &#x438;&#x433;&#x440;&#x43E;&#x43A;&#x430;</subfield>
    <subfield code="1">700#1$a&#x42D;&#x434;&#x438;&#x433;&#x435;&#x439;$b&#x415;.</subfield>
    <subfield code="t">&#x412;&#x43D;&#x435;&#x437;&#x430;&#x43F;&#x43D;&#x430;&#x44F; &#x441;&#x43C;&#x435;&#x440;&#x442;&#x44C; &#x438;&#x433;&#x440;&#x43E;&#x43A;&#x430;</subfield>
    <subfield code="a">&#x42D;&#x434;&#x438;&#x433;&#x435;&#x439;, &#x415;.</subfield>
  </datafield>
  <datafield tag="801" ind1=" " ind2="0">
    <subfield code="a">RU</subfield>
    <subfield code="b">NLR</subfield>
    <subfield code="g">psbo</subfield>
  </datafield>
  <datafield tag="801" ind1=" " ind2="1">
    <subfield code="a">RU</subfield>
    <subfield code="b">ELAR</subfield>
    <subfield code="2">rusmarc</subfield>
  </datafield>
  <datafield tag="852" ind1=" " ind2=" ">
    <subfield code="a">NLR</subfield>
    <subfield code="j">91-3/11164</subfield>
  </datafield>
  <datafield tag="942" ind1=" " ind2=" ">
    <subfield code="c">BOOK</subfield>
  </datafield>
  <datafield tag="980" ind1=" " ind2=" ">
    <subfield code="a">NB</subfield>
  </datafield>
  <datafield tag="995" ind1=" " ind2=" ">
    <subfield code="5">2013-10-26</subfield>
    <subfield code="b">NLR01</subfield>
    <subfield code="c">NLR01</subfield>
    <subfield code="e">RF9</subfield>
    <subfield code="f">1-502028</subfield>
    <subfield code="k">91-3/11164</subfield>
    <subfield code="o">0</subfield>
    <subfield code="r">BOOK</subfield>
    <subfield code="s">91311164_</subfield>
  </datafield>
  <datafield tag="995" ind1=" " ind2=" ">
    <subfield code="5">2015-09-11</subfield>
    <subfield code="a">au</subfield>
    <subfield code="b">NLR03</subfield>
    <subfield code="c">NLR03</subfield>
    <subfield code="e">UJZ</subfield>
    <subfield code="f">1-1003873</subfield>
    <subfield code="k">&#x42E; &#x418;(&#x43F;&#x43E;&#x43B;)/&#x41D;-40</subfield>
    <subfield code="o">0</subfield>
    <subfield code="p">4.00</subfield>
    <subfield code="r">BOOK</subfield>
    <subfield code="s">_40</subfield>
  </datafield>
</record>
